00639nam a2200181Ia 4500952015800000999001500158003000400173005001700177008004100194020001800235040000900253082001700262100002500279245007300304260003100377300000900408942004000417 00102ddc40708 Engineering & allied operations aMESbMEScCHEd2019-02-20g895.00l0o620.5 HUN/Np34534r2019-02-20 00:00:00w2019-02-20yBKzGL29R4 c3507d3507OSt20200821115041.0190216s9999||||xx |||||||||||||| ||und|| a9781844073580 coclc a620.5bHUN/N aHunt, Geoffrey94261 0aNanotechnology Risk, Ethics And Law /cGeoffrey Hunt ; Michael Mehta bEarthscan,c2007.aLondon: a296p cBK2ddch620.5iHUN/Nk620.5mHUN/N